000
00258nam a2200097Ia 4500
008
240331s9999 xx 000 0 und d
082
_b
New
100
_a
Boston Women's Health. ed
245
4
_a
The new our bodies, ourselves :
_b
abook by and for women
942
_c
L
999
_c
2653
_d
2653